[Event "Cuenca Cafe Austria op 09"]
[Site "Cuenca"]
[Date "2024.09.07"]
[Round "1"]
[White "Ortega Gonzaga, Fausto Abrahan"]
[Black "Montano Obaco, Viviana Raquel"]
[Result "0-1"]
[WhiteElo "1556"]
[BlackElo "2076"]
[PlyCount "32"]
[EventDate "2024.09.07"]
[EventType "swiss"]
[EventRounds "6"]
[EventCountry "ECU"]
[SourceTitle "EXT 2025"]
[Source "ChessBase"]
[SourceDate "2024.10.14"]
[SourceVersion "1"]
[SourceVersionDate "2024.10.14"]
[SourceQuality "1"]

1. e4 e5 2. Nf3 Nc6 3. d4 exd4 4. Nxd4 Bc5 5. Be3 Qf6 6. c3 Nge7 7. Qf3 Qxf3 8. gxf3 d6 9. Bb5 Bd7 10. Nxc6 Bxc6 11. Bxc6+ Nxc6 12. Nd2 0-0-0 13. Bxc5 dxc5 14. 0-0-0 Ne5 15. f4 Nd3+ 16. Kc2 Nxf2 0-1

[Event "Cuenca Cafe Austria op 09"]
[Site "Cuenca"]
[Date "2024.09.07"]
[Round "4"]
[White "Toledo Samaniego, Josue David"]
[Black "Ortega Gonzaga, Fausto Abrahan"]
[Result "0-1"]
[WhiteElo "1496"]
[BlackElo "1556"]
[PlyCount "84"]
[EventDate "2024.09.07"]
[EventType "swiss"]
[EventRounds "6"]
[EventCountry "ECU"]
[SourceTitle "EXT 2025"]
[Source "ChessBase"]
[SourceDate "2024.10.14"]
[SourceVersion "1"]
[SourceVersionDate "2024.10.14"]
[SourceQuality "1"]

1. d4 d5 2. Nf3 Nf6 3. Nc3 Bf5 4. Bf4 c6 5. Ne5 e6 6. e3 Nbd7 7. Nxd7 Qxd7 8. Bd3 Bxd3 9. Qxd3 Bd6 10. Bxd6 Qxd6 11. 0-0 0-0 12. e4 dxe4 13. Nxe4 Nxe4 14. Qxe4 Rad8 15. c3 Qd5 16. Rfe1 Qxe4 17. Rxe4 Rd7 18. Rae1 Rfd8 19. R1e3 b6 20. Rg4 c5 21. Reg3 g6 22. Rd3 cxd4 23. cxd4 e5 24. g3 Rxd4 25. Rgxd4 Rxd4 26. Rxd4 exd4 27. Kf1 Kg7 28. Ke2 Kf6 29. Kd3 Ke5 30. a3 Kd5 31. b4 b5 32. f3 a6 33. h3 f6 34. h4 f5 35. g4 fxg4 36. fxg4 h6 37. g5 hxg5 38. hxg5 Ke5 39. Ke2 Ke4 40. Ke1 Ke3 41. Kd1 Kd3 42. Kc1 Ke2 0-1

[Event "Cuenca Cafe Austria op 08"]
[Site "Cuenca"]
[Date "2024.08.11"]
[Round "4"]
[White "Requelme Romero, Jose"]
[Black "Ortega Gonzaga, Fausto Abrahan"]
[Result "1-0"]
[WhiteElo "2049"]
[BlackElo "1584"]
[PlyCount "99"]
[EventDate "2024.08.10"]
[EventType "swiss"]
[EventRounds "5"]
[EventCountry "ECU"]
[SourceTitle "CBM 221 Extra"]
[Source "ChessBase"]
[SourceDate "2024.09.30"]
[SourceVersion "1"]
[SourceVersionDate "2024.09.30"]
[SourceQuality "1"]

1. d4 Nf6 2. c4 g6 3. g3 d5 4. Bg2 Bg7 5. Nf3 0-0 6. cxd5 Nxd5 7. 0-0 Nc6 8. h3 Re8 9. e4 Nb6 10. Be3 h6 11. Na3 Qd6 12. Nb5 Qd7 13. Rc1 a6 14. Nxc7 Qxc7 15. d5 Bd7 16. Qb3 Nc8 17. dxc6 Bxc6 18. Nd4 Bxd4 19. Bxd4 e5 20. Be3 h5 21. Rfd1 Nd6 22. Bb6 Qb8 23. Qb4 Nb5 24. a4 Nd4 25. Bxd4 exd4 26. Qxd4 Qe5 27. Qxe5 Rxe5 28. f4 Re7 29. Rd4 Rae8 30. Rcc4 Kf8 31. h4 f6 32. Kf2 Kf7 33. Bf3 Kg8 34. Ke3 Kf8 35. Be2 Rd7 36. Rxc6 Rxd4 37. Rxf6+ Kg7 38. Rxg6+ Kxg6 39. Kxd4 Rd8+ 40. Ke3 Rc8 41. f5+ Kf6 42. Kf4 Rc2 43. Bxh5 Rf2+ 44. Bf3 Rxb2 45. e5+ Ke7 46. f6+ Ke8 47. Bg4 Kf7 48. Kg5 Rb4 49. e6+ Kg8 50. e7 1-0

[Event "Cuenca Cafe Austria op"]
[Site "Cuenca"]
[Date "2024.05.25"]
[Round "5"]
[White "Aguirre Araujo, Angel Alfonso"]
[Black "Ortega Gonzaga, Fausto Abrahan"]
[Result "0-1"]
[WhiteElo "1474"]
[BlackElo "1545"]
[PlyCount "38"]
[EventDate "2024.05.24"]
[EventType "swiss"]
[EventRounds "5"]
[EventCountry "ECU"]
[SourceTitle "CBM 220 Extra"]
[Source "ChessBase"]
[SourceDate "2024.07.31"]
[SourceVersion "1"]
[SourceVersionDate "2024.07.31"]
[SourceQuality "1"]

1. e4 c6 2. Nf3 d5 3. exd5 cxd5 4. Bb5+ Nc6 5. Bxc6+ bxc6 6. 0-0 e6 7. d4 Bd6 8. Nc3 Ne7 9. Re1 0-0 10. a3 Nf5 11. Ne5 Bxe5 12. Rxe5 Qb6 13. Qg4 Qxd4 14. Qxd4 Nxd4 15. Be3 Nxc2 16. Rc1 Nxe3 17. fxe3 f5 18. Rf1 Kf7 19. g4 Kf6 0-1